[Event "Aeroflot Open 2011 B"]
[Site "Moscu RUS"]
[Date "2011.02.12"]
[Round "5.37"]
[White "Hayrapetian, Ovik"]
[Black "Wan, Yunguo"]
[Result "1-0"]
[WhiteElo "2344"]
[BlackElo "2469"]
[PlyCount "89"]
[EventDate "2011.02.08"]
[EventType "swiss"]
[EventRounds "9"]
[EventCountry "RUS"]
[Source "lmi"]
[SourceDate "2011.02.08"]

1. d4 Nf6 2. Nf3 g6 3. c4 Bg7 4. Nc3 O-O 5. Bg5 d6 6. e3 Nbd7 7. Be2 c6 8. Qc2
e5 9. h3 Re8 10. O-O Qe7 11. Rfd1 h6 12. Bh4 e4 13. Nd2 g5 14. Bg3 Nf8 15. b4
Ng6 16. d5 cxd5 17. cxd5 a6 18. Nc4 Rd8 19. Rac1 Bf5 20. b5 h5 21. Nb6 Rab8 22.
bxa6 bxa6 23. Nc4 h4 24. Bh2 g4 25. Na5 g3 26. fxg3 hxg3 27. Bxg3 Nh7 28. Bf1
Qg5 29. Qf2 Rb2 30. Qxb2 Qxg3 31. Qf2 Qg5 32. Nc6 Re8 33. Kh1 Nf6 34. Ne2 Bd7
35. Nf4 Nh5 36. Nxh5 Qxh5 37. Be2 Qg5 38. Rb1 Bc8 39. Rb8 Rf8 40. Kh2 a5 41.
Qg3 Qh6 42. Rf1 Kh7 43. Bg4 f5 44. Rxc8 Rxc8 45. Bxf5 1-0

[Event "Aeroflot Open 2011 B"]
[Site "Moscu RUS"]
[Date "2011.02.12"]
[Round "5.38"]
[White "Malek, Daniel"]
[Black "Barbosa, Oliver"]
[Result "0-1"]
[WhiteElo "2340"]
[BlackElo "2293"]
[PlyCount "69"]
[EventDate "2011.02.08"]
[EventType "swiss"]
[EventRounds "9"]
[EventCountry "RUS"]
[Source "lmi"]
[SourceDate "2011.02.08"]

1. d4 d5 2. c4 c6 3. Nf3 Nf6 4. Nc3 dxc4 5. a4 Bf5 6. Ne5 Nbd7 7. Nxc4 Nb6 8.
Ne5 a5 9. g3 e6 10. Bg2 Bb4 11. O-O O-O 12. e3 h6 13. Qe2 Nfd7 14. Nd3 e5 15.
dxe5 Bxd3 16. Qxd3 Nxe5 17. Qf5 Qe7 18. Ne2 Rad8 19. b3 Rfe8 20. Nd4 c5 21. Nb5
c4 22. bxc4 Nexc4 23. Ra2 Rd7 24. Rc2 Rc8 25. Be4 g6 26. Qg4 Rc5 27. Nd4 Kh7
28. Ra2 Rdc7 29. Bc2 Nd5 30. e4 Nc3 31. Ra1 Rd7 32. Nf3 Nd6 33. Kg2 Ncxe4 34.
Bxe4 Nxe4 35. Re1 0-1

[Event "Aeroflot Open 2011 B"]
[Site "Moscu RUS"]
[Date "2011.02.12"]
[Round "5.39"]
[White "Tunik, Gennady"]
[Black "Denisov, Lev"]
[Result "1/2-1/2"]
[WhiteElo "2450"]
[BlackElo "2337"]
[PlyCount "56"]
[EventDate "2011.02.08"]
[EventType "swiss"]
[EventRounds "9"]
[EventCountry "RUS"]
[Source "lmi"]
[SourceDate "2011.02.08"]

1. d4 d5 2. c4 c6 3. Nf3 Nf6 4. Nc3 e6 5. e3 Nbd7 6. Bd3 dxc4 7. Bxc4 b5 8. Bd3
Bb7 9. a3 b4 10. axb4 Bxb4 11. O-O c5 12. Na2 a5 13. Nxb4 axb4 14. Rxa8 Qxa8
15. Be2 O-O 16. dxc5 Nxc5 17. Bd2 Nd5 18. Qc2 Rc8 19. Rc1 b3 20. Qb1 Qa2 21.
Bc4 Qxb1 22. Rxb1 Nb6 23. Bb5 Nca4 24. Nd4 Be4 25. Rc1 Nxb2 26. Rxc8+ Nxc8 27.
Nxb3 Nd6 28. Be2 Bd3 1/2-1/2

[Event "Aeroflot Open 2011 B"]
[Site "Moscu RUS"]
[Date "2011.02.12"]
[Round "5.40"]
[White "Lu, Shanglei"]
[Black "Mansour, Sameer"]
[Result "1-0"]
[WhiteElo "2416"]
[BlackElo "2318"]
[PlyCount "61"]
[EventDate "2011.02.08"]
[EventType "swiss"]
[EventRounds "9"]
[EventCountry "RUS"]
[Source "lmi"]
[SourceDate "2011.02.08"]

1. e4 c5 2. Nf3 Nc6 3. Bb5 g6 4. Bxc6 dxc6 5. d3 Bg7 6. h3 Nf6 7. O-O Nd7 8. a4
e5 9. Na3 Nf8 10. Nc4 Qc7 11. Qe1 Ne6 12. b4 cxb4 13. Qxb4 c5 14. Qb5+ Kf8 15.
Rb1 f6 16. Ba3 Kf7 17. c3 Rd8 18. d4 exd4 19. cxd4 cxd4 20. Rfc1 Qf4 21. e5 Kg8
22. Nd6 fxe5 23. Nxc8 Raxc8 24. Rxc8 Rxc8 25. Qd7 Rc6 26. Rxb7 Ra6 27. Qc8+ Bf8
28. Rb8 Nc5 29. Bxc5 Qc1+ 30. Kh2 Qf4+ 31. Kh1 1-0

[Event "Aeroflot Open 2011 B"]
[Site "Moscu RUS"]
[Date "2011.02.12"]
[Round "5.41"]
[White "Charochkina, Daria"]
[Black "Artemiev, Vladislav"]
[Result "0-1"]
[WhiteElo "2314"]
[BlackElo "2384"]
[PlyCount "49"]
[EventDate "2011.02.08"]
[EventType "swiss"]
[EventRounds "9"]
[EventCountry "RUS"]
[Source "lmi"]
[SourceDate "2011.02.08"]

1. d4 d5 2. c4 c6 3. Nc3 Nf6 4. Nf3 e6 5. Bg5 h6 6. Bh4 dxc4 7. e4 b5 8. e5 g5
9. exf6 gxh4 10. Ne5 Qxf6 11. Be2 Bd6 12. Ne4 Bb4+ 13. Kf1 Qg7 14. h3 Nd7 15.
Nxc6 Bb7 16. d5 exd5 17. Qxd5 Rc8 18. Qxb5 Bxc6 19. Qxb4 Bxe4 20. f3 Rb8 21.
Qa3 Bd5 22. Re1 Be6 23. Bxc4 Rxb2 24. Rg1 Qd4 25. Be2 0-1

[Event "Aeroflot Open 2011 B"]
[Site "Moscu RUS"]
[Date "2011.02.12"]
[Round "5.42"]
[White "Kremenietsky, Anatoly M"]
[Black "Guo, Qi"]
[Result "1-0"]
[WhiteElo "2372"]
[BlackElo "2310"]
[PlyCount "85"]
[EventDate "2011.02.08"]
[EventType "swiss"]
[EventRounds "9"]
[EventCountry "RUS"]
[Source "lmi"]
[SourceDate "2011.02.08"]

1. d4 e6 2. c4 Nf6 3. Nc3 Bb4 4. Qc2 d5 5. a3 Bxc3+ 6. Qxc3 Ne4 7. Qc2 Nc6 8.
Nf3 e5 9. e3 Bf5 10. Qb3 dxc4 11. Qxb7 Ne7 12. Qb5+ c6 13. Qxc4 Nd6 14. Qa4 e4
15. Nd2 O-O 16. Be2 Rc8 17. O-O Nd5 18. Nc4 Re8 19. Nxd6 Qxd6 20. Qd1 Qg6 21.
Kh1 Re6 22. g4 Bxg4 23. Bxg4 f5 24. Bh3 Rf8 25. f4 Qh6 26. Bg2 g5 27. Qe2 Kh8
28. fxg5 Qxg5 29. Qf2 Rg8 30. Bd2 Rh6 31. Rg1 Nf6 32. Bh3 Qh5 33. Rxg8+ Nxg8
34. Bf1 Ne7 35. Be2 Qh3 36. Qg2 f4 37. Qxh3 Rxh3 38. Kg2 Rh6 39. exf4 Nf5 40.
Rc1 Kg8 41. Bc4+ Kf8 42. Re1 Nh4+ 43. Kf2 1-0

[Event "Aeroflot Open 2011 B"]
[Site "Moscu RUS"]
[Date "2011.02.12"]
[Round "5.43"]
[White "Vishnu, Prasanna V"]
[Black "Baghdasaryan, Vahe"]
[Result "1/2-1/2"]
[WhiteElo "2369"]
[BlackElo "2303"]
[PlyCount "41"]
[EventDate "2011.02.08"]
[EventType "swiss"]
[EventRounds "9"]
[EventCountry "RUS"]
[Source "lmi"]
[SourceDate "2011.02.08"]

1. e4 c5 2. Nf3 e6 3. d4 cxd4 4. Nxd4 Nc6 5. Nc3 Qc7 6. Be2 a6 7. O-O Nf6 8.
Be3 Bb4 9. Na4 Be7 10. c4 Nxe4 11. c5 O-O 12. Rc1 f5 13. g3 f4 14. Bxf4 Rxf4
15. gxf4 Qxf4 16. Nxc6 dxc6 17. Nb6 Bf6 18. Nxc8 Rxc8 19. Qd7 Rf8 20. Qxe6+ Kh8
21. Rc4 1/2-1/2

[Event "Aeroflot Open 2011 B"]
[Site "Moscu RUS"]
[Date "2011.02.12"]
[Round "5.44"]
[White "Filipenko, Alexander V"]
[Black "Mammadova, Gulnar Marfat"]
[Result "0-1"]
[WhiteElo "2357"]
[BlackElo "2284"]
[PlyCount "86"]
[EventDate "2011.02.08"]
[EventType "swiss"]
[EventRounds "9"]
[EventCountry "RUS"]
[Source "lmi"]
[SourceDate "2011.02.08"]

1. e4 e6 2. d4 d5 3. Nc3 Bb4 4. e5 c5 5. a3 Ba5 6. dxc5 Bxc3+ 7. bxc3 Ne7 8.
Qg4 Qa5 9. Bd2 Ng6 10. Nf3 Nd7 11. Qh5 Nxc5 12. c4 Qa4 13. cxd5 exd5 14. Bb4
Ne6 15. g3 a5 16. Bd6 Qe4+ 17. Kd2 Nd4 18. Nxd4 Qxd4+ 19. Bd3 Qxf2+ 20. Qe2
Qxe2+ 21. Bxe2 Kd7 22. c4 f6 23. Bg4+ Kc6 24. cxd5+ Kxd5 25. Bf3+ Ke6 26. Bg4+
f5 27. Bf3 Nxe5 28. Bxe5 Kxe5 29. Rab1 Rd8+ 30. Ke3 Ra6 31. Rhc1 Kf6 32. Rc2
Re6+ 33. Kf2 b6 34. Rbc1 Ba6 35. h4 b5 36. Rc6 Rd2+ 37. Kg1 Rdd6 38. Rxd6 Rxd6
39. Rc7 b4 40. axb4 axb4 41. Rc1 b3 42. Kf2 b2 43. Rb1 Rb6 0-1

[Event "Aeroflot Open 2011 B"]
[Site "Moscu RUS"]
[Date "2011.02.12"]
[Round "5.45"]
[White "Hamitevici, Vladimir"]
[Black "Shevelev, Arkady"]
[Result "1/2-1/2"]
[WhiteElo "2412"]
[BlackElo "2303"]
[PlyCount "151"]
[EventDate "2011.02.08"]
[EventType "swiss"]
[EventRounds "9"]
[EventCountry "RUS"]
[Source "lmi"]
[SourceDate "2011.02.08"]

1. e4 c6 2. d4 d5 3. e5 Bf5 4. Nf3 e6 5. Be2 Nd7 6. O-O Bg6 7. Nbd2 Nh6 8. Nb3
Be7 9. a4 a5 10. Bd2 O-O 11. Rc1 f6 12. exf6 Bxf6 13. Qe1 e5 14. dxe5 Nxe5 15.
Bxa5 b6 16. Bc3 Nxf3+ 17. Bxf3 Re8 18. Bxf6 Qxf6 19. Qb4 Nf7 20. Qxb6 Ne5 21.
Be2 Rxa4 22. Nc5 Rf4 23. b3 Qg5 24. Nd3 Bxd3 25. cxd3 Rf6 26. Rfe1 Nd7 27. Qc7
Rxe2 28. Qxd7 Rfxf2 29. Qc8+ Rf8 30. Qh3 Qf4 31. Qg3 Qxg3 32. hxg3 Rxe1+ 33.
Rxe1 Rb8 34. Rb1 Rb4 35. Kf2 c5 36. Rc1 Rb5 37. Rb1 Rb4 38. Rc1 Rxb3 39. Rxc5
Rxd3 40. Rc7 h5 41. Rd7 Kh7 42. Rd6 g6 43. Rd7+ Kh6 44. Rd6 Kg7 45. Kf1 Rd2 46.
Kg1 Kh6 47. Rf6 Rd4 48. Kf2 Kg5 49. Rd6 Kf5 50. Ke3 Ke5 51. Rxg6 Rg4 52. Rh6
Rxg3+ 53. Kf2 Rg5 54. Kf3 Kd4 55. Ra6 Rf5+ 56. Ke2 Ke4 57. Rg6 Re5 58. Rg8 d4
59. Kd2 Kf4 60. g3+ Kf3 61. Kd3 Re3+ 62. Kxd4 Re4+ 63. Kd3 Rg4 64. Rf8+ Kxg3
65. Ke2 Kg2 66. Rf2+ Kh3 67. Kf1 h4 68. Ra2 Rg3 69. Ra1 Kh2 70. Ra2+ Kh1 71.
Ra4 h3 72. Kf2 Rg7 73. Ra1+ Kh2 74. Ra8 Rg2+ 75. Kf1 Rg5 76. Kf2 1/2-1/2

[Event "Aeroflot Open 2011 B"]
[Site "Moscu RUS"]
[Date "2011.02.12"]
[Round "5.46"]
[White "Carlstedt, Jonathan"]
[Black "Tologontegin, Semetey"]
[Result "0-1"]
[WhiteElo "2409"]
[BlackElo "2331"]
[PlyCount "52"]
[EventDate "2011.02.08"]
[EventType "swiss"]
[EventRounds "9"]
[EventCountry "RUS"]
[Source "lmi"]
[SourceDate "2011.02.08"]

1. c4 e5 2. g3 c6 3. d4 e4 4. d5 f5 5. Nc3 Nf6 6. Bg2 d6 7. f3 exf3 8. exf3 Be7
9. Nge2 O-O 10. O-O Na6 11. Kh1 Bd7 12. Be3 c5 13. a3 Re8 14. Qd3 Bf8 15. Bg5
g6 16. h4 h6 17. Bd2 Nh5 18. Rae1 Nxg3+ 19. Nxg3 Qxh4+ 20. Kg1 Qxg3 21. Ne2 Qh4
22. Nf4 Bg7 23. Ne6 Bxe6 24. dxe6 Bd4+ 25. Be3 Rxe6 26. f4 Qg3 0-1

[Event "Aeroflot Open 2011 B"]
[Site "Moscu RUS"]
[Date "2011.02.12"]
[Round "5.48"]
[White "Ivakhinova, Inna"]
[Black "Kovanova, Baira"]
[Result "1/2-1/2"]
[WhiteElo "2324"]
[BlackElo "2391"]
[PlyCount "81"]
[EventDate "2011.02.08"]
[EventType "swiss"]
[EventRounds "9"]
[EventCountry "RUS"]
[Source "lmi"]
[SourceDate "2011.02.08"]

1. d4 Nf6 2. c4 e6 3. Nf3 b6 4. a3 Bb7 5. Nc3 g6 6. Qc2 Bxf3 7. exf3 Bg7 8. Bg5
h6 9. Be3 O-O 10. g4 d5 11. O-O-O dxc4 12. Bxc4 Nd5 13. Nxd5 exd5 14. Ba2 c6
15. h4 Qf6 16. Qd2 Qxf3 17. Bxh6 Nd7 18. h5 Nf6 19. Bb1 Nxg4 20. Bxg7 Kxg7 21.
Qg5 Nxf2 22. Rdf1 Qxh1 23. Rxh1 Nxh1 24. hxg6 f5 25. Bxf5 Rae8 26. Qh4 Rh8 27.
Qf4 Re7 28. Qd6 Rhe8 29. Qxc6 Ng3 30. Bd3 Rd8 31. Kd2 Nh5 32. b4 Nf6 33. Bc2
Rh8 34. Qd6 Rd7 35. Qf4 Rf8 36. Qe5 Re8 37. Qf4 Rf8 38. Bf5 Ne4+ 39. Kd3 Re7
40. Qh4 Nf6 41. Qh2 1/2-1/2

[Event "Aeroflot Open 2011 B"]
[Site "Moscu RUS"]
[Date "2011.02.12"]
[Round "5.49"]
[White "Hernandez, Alexander"]
[Black "Khantuev, Alexander"]
[Result "0-1"]
[WhiteElo "2285"]
[BlackElo "2347"]
[PlyCount "100"]
[EventDate "2011.02.08"]
[EventType "swiss"]
[EventRounds "9"]
[EventCountry "RUS"]
[Source "lmi"]
[SourceDate "2011.02.08"]

1. e4 e6 2. d4 d5 3. exd5 exd5 4. Bd3 Nc6 5. c3 Bd6 6. Ne2 Nge7 7. Bf4 Ng6 8.
Bxd6 Qxd6 9. Nd2 Qf6 10. Qc2 Be6 11. O-O Nh4 12. f4 Nf5 13. Rf3 O-O-O 14. Raf1
h5 15. Nb3 Kb8 16. Ng3 Nh4 17. Re3 Bc8 18. Qf2 Ng6 19. f5 Nf8 20. Nc5 h4 21.
Ne2 Nh7 22. Nf4 Ng5 23. Nh3 Rh5 24. b4 Ne7 25. Qe2 Nxh3+ 26. Rxh3 Rg5 27. Rhf3
a6 28. a4 Nxf5 29. a5 h3 30. g3 g6 31. b5 axb5 32. Bxf5 Rxf5 33. Rxf5 gxf5 34.
Qxb5 Qe7 35. Qd3 Re8 36. Rb1 Ka8 37. a6 b6 38. Nb3 Qe2 39. Qxe2 Rxe2 40. Nc1
Re1+ 41. Kf2 Rh1 42. Ra1 Rxh2+ 43. Kf3 Rh1 44. Kf2 Ka7 45. Nb3 Rh2+ 46. Kf3 Rc2
47. Kf4 Bxa6 48. Rh1 h2 49. Nc1 Rxc3 50. Kxf5 Rxc1 0-1

[Event "Aeroflot Open 2011 B"]
[Site "Moscu RUS"]
[Date "2011.02.12"]
[Round "5.50"]
[White "Tseshkovsky, Vitaly"]
[Black "Oganisjn, Roman"]
[Result "1-0"]
[WhiteElo "2528"]
[BlackElo "2293"]
[PlyCount "55"]
[EventDate "2011.02.08"]
[EventType "swiss"]
[EventRounds "9"]
[EventCountry "RUS"]
[Source "lmi"]
[SourceDate "2011.02.08"]

1. e4 e6 2. d4 d5 3. Nc3 c6 4. Nf3 Nf6 5. e5 Nfd7 6. a3 c5 7. dxc5 Bxc5 8. Bd3
h6 9. O-O Nc6 10. b4 Bb6 11. Re1 O-O 12. Bb2 f6 13. exf6 Nxf6 14. Na4 Bc7 15.
c4 a6 16. h3 Qd6 17. Bb1 Rb8 18. b5 axb5 19. cxb5 Ne4 20. Bxe4 dxe4 21. Rxe4
Ne7 22. Qxd6 Bxd6 23. Nb6 Nf5 24. Be5 Bxe5 25. Nxe5 Nd6 26. Rb4 Rf5 27. f4 g5
28. Rd1 1-0

[Event "Aeroflot Open 2011 B"]
[Site "Moscu RUS"]
[Date "2011.02.12"]
[Round "5.51"]
[White "Saduakassova, Dinara"]
[Black "Delorme, Axel"]
[Result "0-1"]
[WhiteElo "2225"]
[BlackElo "2492"]
[PlyCount "118"]
[EventDate "2011.02.08"]
[EventType "swiss"]
[EventRounds "9"]
[EventCountry "RUS"]
[Source "lmi"]
[SourceDate "2011.02.08"]

1. e4 e5 2. Nf3 Nc6 3. Bc4 Bc5 4. c3 Nf6 5. d3 O-O 6. Bb3 d5 7. Qe2 h6 8. h3 a5
9. Ba4 dxe4 10. dxe4 Qd6 11. Nbd2 Nh5 12. Nc4 Qf6 13. Bxc6 bxc6 14. Nfxe5 Rd8
15. Bd2 Ba6 16. b3 Nf4 17. Bxf4 Qxf4 18. Qf3 Qxf3 19. gxf3 f6 20. Ng4 Rd3 21.
Ke2 Bxc4 22. bxc4 Rxc3 23. Rhc1 Rxc1 24. Rxc1 Rb8 25. Rd1 Bd6 26. Ne3 g6 27.
Ng4 h5 28. Nxf6+ Kf7 29. e5 Bxe5 30. Ne4 Rb4 31. Kd3 Bf4 32. Kc3 Be5+ 33. Kd3
Rb2 34. Rd2 Rb1 35. Ke2 Rc1 36. c5 Ke6 37. Rd8 Ke7 38. Rg8 Kf7 39. Rd8 Ke7 40.
Rg8 Kf7 41. Rd8 Rc2+ 42. Rd2 Rxd2+ 43. Nxd2 Ke6 44. Kd3 Kd5 45. Ne4 Bd4 46. f4
h4 47. f3 Bg1 48. Nf6+ Ke6 49. Ng4 Kf5 50. Ne5 Bxc5 51. Nxc6 Kxf4 52. Nxa5 Kg3
53. Nb3 Ba7 54. Nd2 Kxh3 55. f4 Kg2 56. Ke4 h3 57. Nf3 c5 58. Nh4+ Kg3 59. f5
h2 0-1

[Event "Aeroflot Open 2011 B"]
[Site "Moscu RUS"]
[Date "2011.02.13"]
[Round "6.2"]
[White "Kotanjian, Tigran"]
[Black "Zhao, Xue"]
[Result "1-0"]
[WhiteElo "2519"]
[BlackElo "2494"]
[PlyCount "89"]
[EventDate "2011.02.08"]
[EventType "swiss"]
[EventRounds "9"]
[EventCountry "RUS"]
[Source "lmi"]
[SourceDate "2011.02.08"]

1. d4 Nf6 2. c4 e6 3. Nc3 Bb4 4. Qc2 O-O 5. a3 Bxc3+ 6. Qxc3 d5 7. cxd5 Ne4 8.
Qc2 exd5 9. Bf4 Nc6 10. e3 Re8 11. Ne2 Qh4 12. g3 Qf6 13. f3 Ng5 14. Bg2 Nh3
15. Qc3 Bd7 16. Rd1 Qe7 17. Bxh3 Bxh3 18. Rg1 Be6 19. g4 Rac8 20. Kf2 Nb8 21.
Qc5 Nd7 22. Qxe7 Rxe7 23. Rc1 Nb6 24. b3 c6 25. h4 f6 26. g5 Kf7 27. gxf6 gxf6
28. Bh6 Rg8 29. Rxg8 Kxg8 30. Rg1+ Kf7 31. Nf4 Bf5 32. Rg7+ Ke8 33. Rg8+ Kd7
34. Nh5 Bc2 35. Nxf6+ Ke6 36. Ng4 Bxb3 37. Bg5 Rc7 38. Ne5 Nc4 39. Re8+ Kd6 40.
Bf4 Nxe5 41. Bxe5+ Kd7 42. Rh8 Rc8 43. Rxh7+ Ke6 44. Rxb7 Bd1 45. h5 1-0

[Event "Aeroflot Open 2011 B"]
[Site "Moscu RUS"]
[Date "2011.02.13"]
[Round "6.3"]
[White "Laylo, Darwin"]
[Black "Gundavaa, Bayarsaikhan"]
[Result "1-0"]
[WhiteElo "2516"]
[BlackElo "2493"]
[PlyCount "113"]
[EventDate "2011.02.08"]
[EventType "swiss"]
[EventRounds "9"]
[EventCountry "RUS"]
[Source "lmi"]
[SourceDate "2011.02.08"]

1. d4 Nf6 2. c4 e6 3. Nf3 d5 4. g3 Bb4+ 5. Bd2 Bd6 6. Nc3 c6 7. Qc2 Nbd7 8. e4
dxe4 9. Nxe4 Nxe4 10. Qxe4 O-O 11. Bd3 g6 12. O-O-O c5 13. Bc3 Qe7 14. Bc2 f5
15. Qd3 Nf6 16. Rhe1 Ne4 17. dxc5 Bxc5 18. Rxe4 fxe4 19. Qxe4 Bb4 20. Bxb4 Qxb4
21. Ne5 Qe7 22. Rd2 a5 23. f4 Ra6 24. h4 a4 25. a3 Ra5 26. Kb1 Qf6 27. Rd6 Qe7
28. Qd4 Ra6 29. c5 Qc7 30. Bxa4 Ra5 31. Nd3 Ra6 32. Bb5 Rxd6 33. cxd6 Rd8 34.
Qf6 Qxd6 35. h5 Rf8 36. Qc3 Qd5 37. h6 Qh1+ 38. Ka2 Qxh6 39. Ne5 g5 40. fxg5
Qxg5 41. g4 b6 42. Bc4 Qf6 43. Bb3 Qe7 44. Qe3 Bb7 45. Nd3 Qd6 46. Bxe6+ Kh8
47. Bb3 Bc8 48. Ne5 Qf6 49. g5 Qg7 50. Qc3 Bf5 51. Nf7+ Kg8 52. Qe3 Bg6 53.
Nd8+ Kh8 54. Ne6 Re8 55. Qf4 Qf7 56. Qd4+ Kg8 57. Nc7 1-0

[Event "Aeroflot Open 2011 B"]
[Site "Moscu RUS"]
[Date "2011.02.13"]
[Round "6.4"]
[White "Gavrilov, Alexei"]
[Black "Wen, Yang"]
[Result "0-1"]
[WhiteElo "2484"]
[BlackElo "2509"]
[PlyCount "70"]
[EventDate "2011.02.08"]
[EventType "swiss"]
[EventRounds "9"]
[EventCountry "RUS"]
[Source "lmi"]
[SourceDate "2011.02.08"]

1. d4 Nf6 2. c4 g6 3. Nc3 Bg7 4. e4 d6 5. Nf3 O-O 6. Be2 e5 7. O-O Na6 8. Re1
Qe8 9. dxe5 dxe5 10. b3 Nc5 11. Ba3 b6 12. Qc2 a5 13. Bf1 Bg4 14. Nd2 Nfd7 15.
h3 Be6 16. Nf3 f6 17. Nd5 Rc8 18. Bb2 c6 19. Ne3 Qe7 20. Bc3 f5 21. exf5 gxf5
22. Rad1 h5 23. Qc1 f4 24. Nc2 e4 25. Nfd4 Ne5 26. Qa1 Bxh3 27. gxh3 Qg5+ 28.
Kh1 Rf6 29. Bg2 f3 30. Rg1 Ng4 31. Be1 Nd3 32. Ne3 Nxe3 33. fxe3 fxg2+ 34. Rxg2
Rf1+ 35. Kh2 Be5+ 0-1

[Event "Aeroflot Open 2011 B"]
[Site "Moscu RUS"]
[Date "2011.02.13"]
[Round "6.5"]
[White "Lenderman, Aleksandr"]
[Black "Reshetnikov, Alexey"]
[Result "1-0"]
[WhiteElo "2549"]
[BlackElo "2478"]
[PlyCount "73"]
[EventDate "2011.02.08"]
[EventType "swiss"]
[EventRounds "9"]
[EventCountry "RUS"]
[Source "lmi"]
[SourceDate "2011.02.08"]

1. d4 d5 2. c4 c6 3. Nf3 Nf6 4. Qb3 dxc4 5. Qxc4 Bg4 6. Nc3 e6 7. e4 Nbd7 8.
Be2 Be7 9. O-O O-O 10. Rd1 Rc8 11. Qb3 Qb6 12. Qc2 c5 13. d5 e5 14. Be3 Bd6 15.
a4 a6 16. Nd2 Bxe2 17. Nxe2 Qc7 18. a5 Nh5 19. Nc4 g6 20. Nc3 f5 21. f3 Ng7 22.
Ra3 Nf6 23. Rb3 fxe4 24. Nxe4 Nxe4 25. fxe4 Ne8 26. Rc3 Qe7 27. Nxd6 Nxd6 28.
Bxc5 Qd7 29. Bxd6 Rxc3 30. Qxc3 Qxd6 31. b4 Qf6 32. Qe3 Rc8 33. d6 Rd8 34. Qc5
Rd7 35. Qc8+ Qd8 36. Qc4+ Kg7 37. Qe6 1-0

[Event "Aeroflot Open 2011 B"]
[Site "Moscu RUS"]
[Date "2011.02.13"]
[Round "6.6"]
[White "Pavlov, Sergey"]
[Black "Nakhapetiane, Pogos"]
[Result "0-1"]
[WhiteElo "2530"]
[BlackElo "2469"]
[PlyCount "76"]
[EventDate "2011.02.08"]
[EventType "swiss"]
[EventRounds "9"]
[EventCountry "RUS"]
[Source "lmi"]
[SourceDate "2011.02.08"]

1. c4 e5 2. Nc3 Nf6 3. Nf3 Nc6 4. e3 Bb4 5. Qc2 Bxc3 6. Qxc3 Qe7 7. a3 d5 8.
cxd5 Nxd5 9. Qb3 Nb6 10. d3 O-O 11. Be2 a5 12. e4 Bg4 13. Be3 a4 14. Qc3 Rfd8
15. h3 Bxf3 16. Bxf3 Nd4 17. Rc1 c6 18. Bg4 Nc8 19. O-O Na7 20. f4 Nab5 21. Qe1
exf4 22. Bxf4 Ne6 23. Bxe6 Qxe6 24. Qg3 f6 25. Rcd1 c5 26. h4 Nd4 27. Rf2 h5
28. Kh2 Rd7 29. Rdf1 Rad8 30. Be3 Qg4 31. Qxg4 hxg4 32. Kg3 Nc6 33. Bxc5 Rxd3+
34. Kxg4 Ne5+ 35. Kf5 Kf7 36. h5 Rg3 37. Kf4 Rg4+ 38. Ke3 Rd3+ 0-1

[Event "Aeroflot Open 2011 B"]
[Site "Moscu RUS"]
[Date "2011.02.13"]
[Round "6.7"]
[White "Stupak, Kirill"]
[Black "Obolenskikh, Dmitry"]
[Result "1/2-1/2"]
[WhiteElo "2527"]
[BlackElo "2567"]
[PlyCount "74"]
[EventDate "2011.02.08"]
[EventType "swiss"]
[EventRounds "9"]
[EventCountry "RUS"]
[Source "lmi"]
[SourceDate "2011.02.08"]

1. d4 Nf6 2. g3 d5 3. Nf3 c6 4. c4 Bf5 5. Nc3 e6 6. Bg2 Be7 7. O-O h6 8. Qb3
Qb6 9. c5 Qc7 10. Bf4 Qc8 11. Nd2 Nbd7 12. e4 dxe4 13. Nc4 Nd5 14. Nd6+ Bxd6
15. Bxd6 N7f6 16. Rae1 Qd7 17. f3 e3 18. Ne4 Bh7 19. Re2 Rd8 20. Nxf6+ gxf6 21.
Rfe1 Ne7 22. Rxe3 O-O 23. Bh3 Kh8 24. Kg2 Rde8 25. R3e2 Bg6 26. Qe3 Kg7 27. Qf4
Bd3 28. Rd2 Bh7 29. Qg4+ Bg6 30. Qh4 h5 31. f4 f5 32. Rde2 Rg8 33. Kg1 Nd5 34.
Bg2 f6 35. Bf3 Rh8 36. Kf2 Bf7 37. Qh3 Ne7 1/2-1/2

[Event "Aeroflot Open 2011 B"]
[Site "Moscu RUS"]
[Date "2011.02.13"]
[Round "6.8"]
[White "Kuderinov, Kirill"]
[Black "Shimanov, Aleksandr"]
[Result "0-1"]
[WhiteElo "2469"]
[BlackElo "2520"]
[PlyCount "60"]
[EventDate "2011.02.08"]
[EventType "swiss"]
[EventRounds "9"]
[EventCountry "RUS"]
[Source "lmi"]
[SourceDate "2011.02.08"]

1. e4 c6 2. d4 d5 3. Nc3 dxe4 4. Nxe4 Bf5 5. Ng3 Bg6 6. Nf3 Nd7 7. h4 h6 8. h5
Bh7 9. Bd3 Bxd3 10. Qxd3 e6 11. Bd2 Ngf6 12. O-O-O Be7 13. Qe2 Rc8 14. Kb1 c5
15. dxc5 Qc7 16. Rhe1 O-O 17. Nd4 Bxc5 18. Nb5 Qc6 19. Nc3 Bd4 20. f4 Nb6 21.
Rf1 Nc4 22. Rf3 Qb6 23. Na4 Qb5 24. Bc1 Nxh5 25. Rxd4 Nxg3 26. Qd1 Nf5 27. Nc3
Na3+ 28. Ka1 Nxd4 29. bxa3 Qc4 30. Bb2 Nxf3 0-1

[Event "Aeroflot Open 2011 B"]
[Site "Moscu RUS"]
[Date "2011.02.13"]
[Round "6.9"]
[White "Kabanov, Nikolai"]
[Black "Ismagambetov, Anuar"]
[Result "1-0"]
[WhiteElo "2482"]
[BlackElo "2499"]
[PlyCount "129"]
[EventDate "2011.02.08"]
[EventType "swiss"]
[EventRounds "9"]
[EventCountry "RUS"]
[Source "lmi"]
[SourceDate "2011.02.08"]

1. e4 e6 2. d4 d5 3. e5 c5 4. c3 Nc6 5. Nf3 Qb6 6. Be2 Nh6 7. Bxh6 gxh6 8. Qd2
Bg7 9. O-O Bd7 10. Na3 O-O 11. Nc2 cxd4 12. cxd4 f6 13. exf6 Rxf6 14. b4 Raf8
15. b5 Ne7 16. Ne5 Be8 17. g3 Kh8 18. Ne3 h5 19. a4 Ng6 20. a5 Qd8 21. f4 h4
22. N3g4 Nxe5 23. Nxe5 Bg6 24. a6 b6 25. Bd3 Bxd3 26. Qxd3 Rf5 27. Nf3 hxg3 28.
hxg3 Rg8 29. Kf2 Bf6 30. Rh1 Rg7 31. Rac1 Qe8 32. Rh6 Bd8 33. Rc6 Rf6 34. Rxf6
Bxf6 35. Qe2 Qg6 36. Rc8+ Rg8 37. Rxg8+ Qxg8 38. Qc2 h5 39. Qc7 Qg7 40. Qc8+
Qg8 41. Qd7 h4 42. gxh4 Qg4 43. h5 Qxf4 44. Qxe6 Bxd4+ 45. Kg2 Bf6 46. Qxd5
Qg4+ 47. Kf2 Kg7 48. Ke3 Qb4 49. Qd7+ Kh6 50. Qf5 Qb3+ 51. Qd3 Qe6+ 52. Kf4 Qf7
53. Qg6+ Qxg6 54. hxg6 Kxg6 55. Ke4 Kf7 56. Kd5 Ke7 57. Kc6 Kd8 58. Kb7 Kd7 59.
Nd2 Bc3 60. Nc4 Bd4 61. Kb8 Kd8 62. Nd6 Be5 63. Kxa7 Kc7 64. Ne8+ Kc8 65. Kxb6
1-0

[Event "Aeroflot Open 2011 B"]
[Site "Moscu RUS"]
[Date "2011.02.13"]
[Round "6.10"]
[White "Gabuzyan, Hovhannes"]
[Black "Belous, Vladimir"]
[Result "0-1"]
[WhiteElo "2380"]
[BlackElo "2497"]
[PlyCount "66"]
[EventDate "2011.02.08"]
[EventType "swiss"]
[EventRounds "9"]
[EventCountry "RUS"]
[Source "lmi"]
[SourceDate "2011.02.08"]

1. g3 g6 2. Bg2 Bg7 3. c4 c5 4. Nc3 Nc6 5. e4 a6 6. Nge2 b5 7. O-O bxc4 8. Qa4
Na5 9. b4 cxb4 10. Qxb4 Ra7 11. Qa4 Bb7 12. Bb2 Nh6 13. h3 O-O 14. g4 f5 15.
gxf5 gxf5 16. Kh1 fxe4 17. Qa3 e6 18. Nxe4 Bxb2 19. Qxb2 Qh4 20. N2g3 Bd5 21.
Qc3 Nc6 22. Rab1 d6 23. Kg1 Rg7 24. Nxd6 Nd4 25. Nde4 Ne2+ 26. Nxe2 Rxg2+ 27.
Kxg2 Qxe4+ 28. f3 Qxe2+ 29. Rf2 Rxf3 30. Rxe2 Rxc3+ 31. Kh2 Ra3 32. Rf2 Nf5 33.
Rb2 Kf7 0-1

[Event "Aeroflot Open 2011 B"]
[Site "Moscu RUS"]
[Date "2011.02.13"]
[Round "6.11"]
[White "Kunin, Vitaly"]
[Black "Bitoon, Richard"]
[Result "1-0"]
[WhiteElo "2548"]
[BlackElo "2461"]
[PlyCount "73"]
[EventDate "2011.02.08"]
[EventType "swiss"]
[EventRounds "9"]
[EventCountry "RUS"]
[Source "lmi"]
[SourceDate "2011.02.08"]

1. Nf3 Nf6 2. c4 b6 3. g3 e6 4. Bg2 Bb7 5. O-O Be7 6. Nc3 O-O 7. Re1 d5 8. cxd5
Nxd5 9. Nxd5 exd5 10. d4 Nd7 11. Bf4 Nf6 12. Rc1 c5 13. Ne5 Qc8 14. Qa4 Qe6 15.
h4 Bd6 16. Nd3 cxd4 17. Qxd4 Rac8 18. Bxd6 Qxd6 19. e4 Rxc1 20. Rxc1 Qe6 21.
Nf4 Rc8 22. Nxe6 Rxc1+ 23. Kh2 fxe6 24. Bh3 Kf7 25. Qe5 Bc8 26. Qb8 dxe4 27.
Qxa7+ Kg6 28. Qxb6 e5 29. Bxc8 Rxc8 30. Kg2 Kf5 31. a4 Rc2 32. a5 Ng4 33. Qa7
h5 34. Qf7+ Nf6 35. Qxg7 Rxb2 36. Qg5+ Ke6 37. Qc1 1-0